| 000 | 00000nam##2200000za#4500 |
| 001 | 9.577993 |
| 003 | CaOODSP |
| 005 | 20210624185857 |
| 007 | cr ||||||||||| |
| 008 | 150406|2009||||xxc|||||o f|0| 0 eng|d |
| 040 | |aCaOODSP|beng |
| 043 | |an-cn--- |
| 086 | 1 |aPS73-1/2009-06-2E-PDF |
| 110 | 2 |aCanadian Security Intelligence Service. |
| 245 | 10|aInsights into the future of Iran as a regional power : |h[electronic resource]|bhighlights from the conference 30-31 March 2009, Ottawa / |cConference rapporteur: Thomas Juneau. |
| 260 | |aOttawa - Ontario : |bCanadian Security Intelligence Service |c2009. |
| 300 | |a45p. |
| 490 | 1 |aWorld watch|vSeries publication No 2009-06-2 |
| 500 | |a"A conference of the Canadian Security Intelligence Service jointly sponsored by Foreign Affairs and International Trade Canada, National Defence Canada and the Privy Council Office". |
| 590 | |a13-27-Supp|b2013-11-15 |
| 775 | 08|tL'Iran : les multiples avenirs d'une puissance régionale : |w(CaOODSP)9.606304 |
| 830 | #0|aWorld watch ;|vSeries publication No 2009-06-2|w(CaOODSP)9.507689 |
| 856 | 40|ahttp://publications.gc.ca|qPDF|s1830 KB|uhttps://publications.gc.ca/collections/collection_2013/scrs-csis/PS73-1-2009-06-2-eng.pdf|ySeries publication No 2009-06-2 |